000 01083nam a2200241Ia 4500
999 _c36278
_d36278
001 2185
003 GE_BSU
005 20190508104829.0
008 181216s2009||||ge |||||||||||||| ||geo||
020 _a978994112697
040 _cGE_BSU
041 _ageo
080 _a342.9(479.22) მ–54
100 _aმელქაძე, ოთარ
_9790
245 _aქართული მუნიციპალიზმი /
_cოთარ მელქაძე ; მსოფლიო პარლამენტარიზმის კვლევითი ცენტრი.
264 _aთბილისი :
_bუნივერსალი,
_c2009.
300 _a307 გვ.;
_b20 სმ.
490 _aპოლიტიკურ-სამართლებრივი ლიტერატურის სერია. წგ.26
653 _aსამართალი
653 _aქართული მუნიციპალიზმი
653 _aადგილობრივი თვითმმართველობა
942 _cBK
_2udc